00614nam a2200205Ia 450000500170000000800410001702000180005804000180007604100080009408200220010210000170012424500640014125000090020526000670021430000280028165000320030965000210034165000280036270000180039020220727102653.0210716s2011 xx 000 0 und d a9788173663544 cAIMIT LIBRARY aeng a005.276 23bTHAT aThai, Thuan. a.Net framework essentials /cBy Thuan Thai and Hoang Q Lam. a3rd. aMumbai :bShroff Publishers and Distributors Pvt Ltd ,c2011. axiv,363,23p. ;c22.5 cm aThe common language runtime a.NET programming aWorking with components aLam, Hoang Q.